| 000 | 01254cam a22003494a 4500 | ||
|---|---|---|---|
| 999 |
_c6001 _d6001 |
||
| 001 | 14764739 | ||
| 003 | OSt | ||
| 005 | 20200206110048.0 | ||
| 008 | 070307s2008 paua b 001 0 eng | ||
| 010 | _a 2007009915 | ||
| 016 | 7 |
_a101301169 _2DNLM |
|
| 020 | _a9780781776035 | ||
| 020 | _a9788189960339 | ||
| 035 | _a(OCoLC)ocm85862338 | ||
| 040 |
_aDNLM/DLC _cDLC _dNLM _dBAKER _dBTCTA _dC#P _dYDXCP _dDLC |
||
| 042 | _apcc | ||
| 050 | 0 | 0 |
_aRD78.8 _b.D67 2008 |
| 060 | 1 | 0 | _a2007 L-710 |
| 082 | 0 | 0 |
_aWO240 D738u 2008 _222 |
| 100 | 1 |
_aDorsch, Jerry A.; Dorsch, Susan E., _912459 |
|
| 245 | 1 | 0 | _aUnderstanding Anesthesia Equipment |
| 250 | _a5th ed. | ||
| 260 |
_aPhiladelphia : _bWolters Kluwer Health, _c2008. |
||
| 300 |
_axii, 1036 p. : _bill. ; _c28 cm. |
||
| 504 | _aIncludes bibliographical references and index. | ||
| 650 | 0 |
_aAnesthesia instruments. _912460 |
|
| 856 | 4 | 1 |
_3Table of contents only _uhttp://www.loc.gov/catdir/toc/ecip0713/2007009915.html |
| 856 | 4 | 2 |
_3Publisher description _uhttp://www.loc.gov/catdir/enhancements/fy0712/2007009915-d.html |
| 906 |
_a7 _bcbc _corignew _d1 _eecip _f20 _gy-gencatlg |
||
| 942 |
_2z _cSLOAN |
||